00569nam a2200121Ia 4500008004100000100002800041245015100069245010100220260000900321300003500330440004300365650003900408171207s9999 xx 000 0 und d aLonigan, Christopher J. aInhibitory Control of Spanish-Speaking Language-Minority Preschool Children: Measurement and Association With Language, Literacy, and Math Skills  cChristopher J. Lonigan, Darcey M. Allan, J. Marc Goodrich, Amber L. Farrington, Beth M. Phillips c2017 apages 373-85, July/August 2017 aJournal of Learning Disabilitiesv50:4 aEXECUTIVE FUNCTION, ACADEMIC SKILL